| 000 | 00329nam a22001217a 4500 | ||
|---|---|---|---|
| 082 |
_a297.1229 _bGHA _cM |
||
| 100 |
_aGhazi, Dr Mehmood Ahmad _951141 |
||
| 245 | _aمحاضرات شریعت | ||
| 260 |
_aLahore, _bAl faisal Publication, _c2009. |
||
| 300 | _a552p. | ||
| 526 |
_a0 _b0 _c0 _d297_122900000000000_GHA |
||
| 942 |
_2ddc _cBK |
||
| 999 |
_c553901 _d553901 |
||